Persepsi ketua panitia tentang program perkembangan staf di sekolah rendah di Daerah Hilir Perak dan Batang Padang /
Saved in:
| Main Author: | |
|---|---|
| Format: | Thesis Book |
| Language: | Malay |
| Published: |
2003.
|
| Tags: |
Add Tag
No Tags, Be the first to tag this record!
|
| LEADER | 01046cam a2200241 i 4500 | ||
|---|---|---|---|
| 001 | u1127222 | ||
| 003 | SIRSI | ||
| 005 | 201911251230 | ||
| 008 | 191125s2003 my a m 000 0 may | ||
| 040 | |a UMD |e rda | ||
| 090 | |a LB7 |b A7 UM 2003 Syari | ||
| 100 | 0 | |a Syaharin Rahman Ibrahim., |e author. | |
| 245 | 1 | 0 | |a Persepsi ketua panitia tentang program perkembangan staf di sekolah rendah di Daerah Hilir Perak dan Batang Padang / |c Syaharin Rahman bin Ibrahim. |
| 264 | 1 | |c 2003. | |
| 300 | |a xiii, 144 leaves : |b illustrations ; |c 30 cm | ||
| 502 | |b M.Ed.P.A. |c Jabatan Pengurusan, Perancangan dan Dasar Pendidikan, Fakulti Pendidikan, Universiti Malaya |d 2003. | ||
| 504 | |a Bibliography: leaves 140-144. | ||
| 710 | 2 | |a Universiti Malaya. |b Jabatan Pengurusan, Perancangan dan Dasar Pendidikan, |e degree granting institution. | |
| 336 | |a text$2rdacontent | ||
| 337 | |a unmediated$2rdamedia | ||
| 338 | |a volume$2rdacarrier | ||
| 596 | |a 8 | ||
| 999 | |a LB7 A7 UM 2003 SYARI |w LC |c 1 |i A517753215 |f 30/9/2022 |g 1 |l STACKS |m P08PENDIDI |r Y |s Y |t TESIS |u 30/9/2022 |0 EDU |1 AHSS | ||
